Capitals Of Countries Bordering Germany - Statistics

General Stats
  • This quiz has been taken 42 times
    22 since last reset
  • The average score is 9 of 9
Answer Stats
Capital % Correct
Copenhagen
100%
Paris
100%
Prague
100%
Vienna
100%
Warsaw
100%
Amsterdam
94%
Brussels
94%
Bern
88%
Luxembourg
82%
No matching quizzes found
Score Distribution
Percent of People with Each Score
Percentile by Number Answered
Your Score History
You have not taken this quiz since the last reset